Las aventuras de Tom Sawyer
Enregistré dans:
| Auteur principal: | |
|---|---|
| Format: | Livre |
| Langue: | espagnol |
| Publié: |
Santiago
Diario La Nación
1990
|
| Collection: | Colección literatura Universal, 9
|
| Sujets: | |
| Tags: |
Ajouter un tag
Pas de tags, Soyez le premier à ajouter un tag!
|
MARC
| LEADER | 00000nam a2200000 a 4500 | ||
|---|---|---|---|
| 001 | UCX1362 | ||
| 003 | CL-VaPUC | ||
| 008 | 900813e19900000CL |||||||||||||||||spa|d | ||
| 082 | 0 | 4 | |a 813 |b TWA |2 21 |
| 100 | 0 | |a Twain, Mark |e author |9 243 | |
| 245 | 1 | 4 | |a Las aventuras de Tom Sawyer |
| 300 | |a 62 p | ||
| 942 | |c BK | ||
| 945 | |d 19900813 00:00:00 | ||
| 260 | |a Santiago |b Diario La Nación |c 1990 | ||
| 500 | |a Texto que acompaña al diario La Nación | ||
| 650 | 0 | |a Novelas estadounidenses |9 265217 | |
| 583 | |a last modification |c 19900813 00:00:00 |k Rodrigo Vera | ||
| 490 | 0 | |a Colección literatura Universal, 9 | |
| 999 | |c 222616 |d 222614 | ||
| 952 | |0 0 |1 0 |4 0 |6 813_000000000000000_TWA_1990 |7 0 |8 A |9 217617 |a BIBEDU |b BIBEDU |d 2019-11-15 |i 2865262 |o 813 TWA 1990 |p 2865262 |r 2019-11-15 |w 2019-11-15 |y BK |k LIT | ||